Insuficiencia hepática experimental (Record no. 107539)

MARC details
000 -LEADER
campo de control de longitud fija 00615nam a2200181 4500
001 - NÚMERO DE CONTROL
campo de control 107539
003 - IDENTIFICADOR DE NÚMERO DE CONTROL
campo de control ES-MaACL
005 - FECHA Y HORA DE LA ÚLTIMA TRANSACCIÓN
campo de control 20230906184436.0
007 - CAMPO FIJO DE DESCRIPCIÓN FÍSICA--INFORMACIÓN GENERAL
campo de control de longitud fija t|
008 - DATOS DE LONGITUD FIJA--INFORMACIÓN GENERAL
campo de control de longitud fija 061121s1935 sp r ||||1| spa d
100 1# - ENTRADA PRINCIPAL--NOMBRE DE PERSONA
Nombre de persona Morros Sardá, José.
9 (RLIN) 83697
245 10 - MENCIÓN DEL TÍTULO
Título Insuficiencia hepática experimental
Resto del título : métodos y resultados /
Mención de responsabilidad, etc. por el doctor José Morros Sardá.
260 ## - PUBLICACIÓN, DISTRIBUCIÓN, ETC.
Lugar de publicación, distribución, etc. Madrid :
Nombre del editor, distribuidor, etc. [s.n],
Fecha de publicación, distribución, etc. 1935.
300 ## - DESCRIPCIÓN FÍSICA
Extensión 8 p. ;
Dimensiones 25 cm.
500 ## - NOTA GENERAL
Nota general Tirada aparte de Anuales de Medicina hepática. Tomo IV. Madrid, julio 1935, página 689 a 704.
852 ## - LOCALIZACIÓN
Ubicación ES-MaACL
Número de control de estantería 1802-F-12
852 ## - LOCALIZACIÓN
Ubicación ES-MaACL
Número de control de estantería 1772-F-20
Holdings
Estatus retirado Estado de pérdida Estado de daño No para préstamo Colección Biblioteca de origen Biblioteca actual Ubicación en estantería Fecha de adquisición Fuente de adquisición Total de préstamos Signatura topográfica completa Código de barras Visto por última vez Precio de reemplazo Tipo de ítem Koha
        Colección de folletos Biblioteca del Ateneo de Madrid Biblioteca del Ateneo de Madrid Depósito folletos 16/03/2012     1772-F-20 1189120 23/02/2023 23/02/2023 Folleto
        Colección de folletos Biblioteca del Ateneo de Madrid Biblioteca del Ateneo de Madrid Depósito folletos 17/01/2008     1802-F-12 1112232 23/02/2023 23/02/2023 Folleto